00528nam a2200157 a 450000500170000000800410001702000180005805000220007610000300009824500960012826000510022430000160027544000320029150000280032365000190035120140412111309.0010404s19uu xx 00 eng d a0-916119-30-0 aTR(PS EbRe1 1994 aWilliams, Rozanne Lanczak aReduce, reuse, recycle /cwritten by Rozanne Lanczak Williams; illustrated by Neena Chawla. aCypress, CA :bCreative Teaching Press,c1994. a8 p. ; ill. aRead to Learn-Learn to Read aEmergent Reader Level I aScience series